[Event "4NCL"]
[Site "Barcelo Hotel, Hinckley Island"]
[Date "2011.01.15"]
[Round "3.42"]
[White "Gahir, Jasdeep"]
[Black "Coates, David H"]
[Result "0-1"]
[WhiteElo "1839"]
[BlackElo "2069"]
[PlyCount "98"]
[EventDate "2011.??.??"]
[WhiteTeam "KJCA Kings"]
[BlackTeam "e2e4.org.uk 2"]

1. e4 e6 2. d4 d5 3. Nc3 Bb4 4. e5 c5 5. a3 Bxc3+ 6. bxc3 Ne7 7. Qg4 O-O 8. Bd3
Nbc6 9. Bg5 Qa5 10. Ne2 Ng6 11. O-O Qa4 12. Qh5 c4 13. Bxg6 fxg6 14. Qg4 Qxc2
15. Rac1 Qb2 16. Nf4 Qxa3 17. h4 Rf5 18. h5 gxh5 19. Nxh5 Qf8 20. f4 b5 21. Rf3
a5 22. Rg3 g6 23. Nf6+ Rxf6 24. Bxf6 b4 25. Rh3 Ra7 26. Kf2 Qf7 27. Rch1 Kf8
28. Rxh7 Qxh7 29. Rxh7 Rxh7 30. Qxg6 Rf7 31. Qh6+ Ke8 32. Qh8+ Rf8 33. Qh5+ Rf7
34. cxb4 axb4 35. Qh8+ Rf8 36. Qh5+ Rf7 37. Ke3 b3 38. Qh8+ Rf8 39. Qh5+ Rf7
40. Qd1 Rb7 41. g4 b2 42. Qb1 Ne7 43. Bxe7 Kxe7 44. g5 Kf8 45. Kd2 Bd7 46. g6
Kg7 47. Kc2 Be8 48. f5 exf5 49. Kc3 Bxg6 0-1

[Event "4NCL"]
[Site "Barcelo Hotel, Hinckley Island"]
[Date "2011.01.15"]
[Round "3.43"]
[White "Burke, Mitchell R"]
[Black "Compton, Alistair"]
[Result "1/2-1/2"]
[WhiteElo "1898"]
[BlackElo "2046"]
[PlyCount "37"]
[EventDate "2011.??.??"]
[WhiteTeam "3Cs 2"]
[BlackTeam "The Rookies"]

1. f4 d5 2. Nf3 c6 3. g3 Bg4 4. Bg2 Nd7 5. O-O Ngf6 6. d3 Qb6+ 7. Kh1 Bxf3 8.
Bxf3 e5 9. fxe5 Nxe5 10. Nc3 Bd6 11. e4 d4 12. Ne2 h5 13. Nf4 O-O-O 14. a4 g5
15. Ng2 Rdg8 16. Be2 Qd8 17. Rf5 Nfg4 18. c3 Qd7 19. Qe1 1/2-1/2

[Event "4NCL"]
[Site "Barcelo Hotel, Hinckley Island"]
[Date "2011.01.15"]
[Round "3.43"]
[White "Horton, Jamie A"]
[Black "Jones, Christopher M"]
[Result "1/2-1/2"]
[WhiteElo "1882"]
[BlackElo "2024"]
[PlyCount "60"]
[EventDate "2011.??.??"]
[WhiteTeam "3Cs 2"]
[BlackTeam "The Rookies"]

1. e4 e5 2. Nf3 Nc6 3. d4 exd4 4. Bc4 Nf6 5. e5 d5 6. Bb5 Ne4 7. Nxd4 Bd7 8.
Bxc6 bxc6 9. O-O Bc5 10. f3 Ng5 11. f4 Ne4 12. Nc3 Qh4 13. Be3 Rb8 14. Nxe4
dxe4 15. b3 Rd8 16. c3 O-O 17. Qc2 Bxd4 18. cxd4 f5 19. Qc4+ Kh8 20. e6 Be8 21.
Qc5 Rd6 22. d5 cxd5 23. Qxc7 Rxe6 24. Qc5 Rg8 25. Qxd5 Rh6 26. h3 Rg6 27. Kh1
Qg3 28. Qd2 Bb5 29. Rfd1 a6 30. Qf2 Qxf2 1/2-1/2

[Event "4NCL"]
[Site "Barcelo Hotel, Hinckley Island"]
[Date "2011.01.15"]
[Round "3.43"]
[White "Horton, Andrew P"]
[Black "Jaszkiwskyj, Peter"]
[Result "0-1"]
[WhiteElo "1746"]
[BlackElo "2002"]
[PlyCount "71"]
[EventDate "2011.??.??"]
[WhiteTeam "3Cs 2"]
[BlackTeam "The Rookies"]

1. e4 e5 2. Nf3 Nc6 3. d4 exd4 4. Bc4 Nf6 5. e5 d5 6. Bb5 Ne4 7. Nxd4 Bd7 8.
Bxc6 Bxc6 9. O-O Qd7 10. Be3 Be7 11. f3 Nc5 12. Nc3 O-O 13. f4 f5 14. Rf3 Ne4
15. Rh3 g6 16. Nxe4 dxe4 17. Qe2 Rad8 18. c3 a6 19. Nxc6 Qxc6 20. Bd4 Qd5 21.
a3 Rd7 22. b4 Rfd8 23. Qf2 Qc4 24. Re1 b6 25. Qg3 c5 26. Rh6 Kg7 27. e6+ Rxd4
28. cxd4 Qxd4+ 29. Kh1 Kxh6 30. bxc5 Qxc5 31. Qh3+ Kg7 32. g4 Rd3 33. Qg2 Qd5
34. Qb2+ Qd4 35. Qc2 Qc3 36. Qg2 0-1

[Event "4NCL"]
[Site "Barcelo Hotel, Hinckley Island"]
[Date "2011.01.15"]
[Round "3.44"]
[White "Foster, James M"]
[Black "Hosken, Nigel K"]
[Result "0-1"]
[WhiteElo "2011"]
[BlackElo "2101"]
[PlyCount "122"]
[EventDate "2011.??.??"]
[WhiteTeam "Oxford 3"]
[BlackTeam "Gloucestershire Gambits"]

1. e4 c5 2. Nf3 e6 3. Nc3 Nc6 4. Be2 a6 5. O-O Qc7 6. d4 cxd4 7. Nxd4 Nf6 8. a3
Be7 9. Be3 d6 10. f3 Bd7 11. Qd2 Ne5 12. b3 O-O 13. Nd1 d5 14. exd5 Nxd5 15. c4
Nxe3 16. Nxe3 Rad8 17. Rfd1 Nc6 18. Ndc2 Bc8 19. Qe1 Bf6 20. Rab1 Nd4 21. Bd3
g6 22. Kh1 h5 23. b4 b6 24. Nxd4 Rxd4 25. Qe2 Rfd8 26. Be4 Kg7 27. Rxd4 Rxd4
28. Rc1 Bg5 29. Qf2 Qd8 30. c5 bxc5 31. bxc5 Rd2 32. Qe1 Qd4 33. Nf1 Ra2 34.
Qc3 Bf6 35. Qxd4 Bxd4 36. Rc4 e5 37. Ra4 Ra1 38. Bd3 Rc1 39. Rc4 Rxc4 40. Bxc4
Bxc5 41. a4 Kf8 42. g3 Ke7 43. Kg2 a5 44. Nd2 Bb4 45. Ne4 Bd7 46. Bb3 f5 47.
Ng5 Bd2 48. Nh3 Be6 49. Bd1 Kd6 50. Nf2 Kc5 51. h3 Kd4 52. g4 h4 53. Bc2 Be3
54. Nd1 fxg4 55. fxg4 g5 56. Kf1 Bc4+ 57. Kg2 Bf4 58. Kg1 Bd3 59. Bb3 Kc5 60.
Nb2 Kb4 61. Bd5 Bc2 0-1

[Event "4NCL"]
[Site "Barcelo Hotel, Hinckley Island"]
[Date "2011.01.15"]
[Round "3.44"]
[White "Neatherway, A Philip"]
[Black "Waterfield, John W"]
[Result "1/2-1/2"]
[WhiteElo "1930"]
[BlackElo "2005"]
[PlyCount "43"]
[EventDate "2011.??.??"]
[WhiteTeam "Oxford 3"]
[BlackTeam "Gloucestershire Gambits"]

1. e4 c5 2. Nc3 g6 3. g3 Bg7 4. Bg2 Nc6 5. d3 d6 6. f4 Nf6 7. Nf3 O-O 8. O-O
Rb8 9. a4 a6 10. h3 Ne8 11. f5 gxf5 12. Nh4 fxe4 13. Qh5 f5 14. Nxf5 Bxf5 15.
Rxf5 Rxf5 16. Qxf5 Nd4 17. Qxe4 Nxc2 18. Rb1 Qd7 19. Bg5 Nf6 20. Bxf6 Bxf6 21.
Nd5 Bd4+ 22. Kh1 1/2-1/2

[Event "4NCL"]
[Site "Barcelo Hotel, Hinckley Island"]
[Date "2011.01.15"]
[Round "3.44"]
[White "Taylor, Geoffrey P"]
[Black "Foster, Chantelle L"]
[Result "0-1"]
[WhiteElo "1950"]
[BlackElo "1701"]
[PlyCount "112"]
[EventDate "2011.??.??"]
[WhiteTeam "Gloucestershire Gambits"]
[BlackTeam "Oxford 3"]

1. e4 c5 2. Nf3 d6 3. d4 cxd4 4. Nxd4 Nf6 5. Nc3 g6 6. Be2 Bg7 7. Be3 O-O 8.
O-O Nc6 9. Nb3 Be6 10. f4 Qc8 11. h3 Rd8 12. Bf3 a5 13. a4 Bc4 14. Rf2 e6 15.
Rd2 Nb4 16. Nd4 Ne8 17. b3 Ba6 18. Nce2 e5 19. Nb5 exf4 20. Bd4 Bxb5 21. axb5
Bxd4+ 22. Rxd4 Nxc2 23. Rc1 Nxd4 24. Rxc8 Nxf3+ 25. gxf3 Raxc8 26. Nxf4 Rc5 27.
Nd5 Rxb5 28. Kg2 Kg7 29. Qa1+ Kg8 30. h4 h5 31. f4 Rc5 32. f5 Nc7 33. fxg6 fxg6
34. Nf6+ Kf7 35. Qd4 Re5 36. Nh7 Ne6 37. Qb6 Rd7 38. Kf3 Kg7 39. Ng5 Nxg5+ 40.
hxg5 Rxg5 41. b4 axb4 42. Qxb4 h4 43. Qc3+ Kh7 44. Ke2 Rg3 45. Qf6 Rh3 46. Kf2
Rc7 47. Qxd6 Rf7+ 48. Ke2 Rhf3 49. e5 Rf2+ 50. Ke3 h3 51. e6 R7f3+ 52. Ke4 h2
53. Qe7+ Kh6 54. Qh4+ Kg7 55. Qe7+ Rf7 56. Qh4 R2f4+ 0-1

[Event "4NCL"]
[Site "Barcelo Hotel, Hinckley Island"]
[Date "2011.01.15"]
[Round "3.45"]
[White "Eden, Tomer"]
[Black "Chin, Francis C W"]
[Result "1-0"]
[WhiteElo "2188"]
[BlackElo "2211"]
[PlyCount "55"]
[EventDate "2011.??.??"]
[WhiteTeam "British Universities CA"]
[BlackTeam "Hackney"]

1. Nf3 d5 2. d4 Nf6 3. c4 e6 4. g3 c6 5. Qc2 Nbd7 6. Bg2 Bd6 7. O-O O-O 8. Nbd2
e5 9. cxd5 cxd5 10. dxe5 Nxe5 11. Nxe5 Bxe5 12. Nf3 Bd6 13. Be3 Bg4 14. Qb3 Qe7
15. Rac1 b6 16. Bd4 Rac8 17. e3 Ne4 18. Qxd5 Rcd8 19. Ne5 Nf6 20. Qb7 Qxb7 21.
Bxb7 Be6 22. Bf3 Rc8 23. Nc6 Rc7 24. Bxf6 gxf6 25. Nd4 Rfc8 26. Rxc7 Bxc7 27.
Nxe6 fxe6 28. Rc1 1-0

[Event "4NCL"]
[Site "Barcelo Hotel, Hinckley Island"]
[Date "2011.01.15"]
[Round "3.45"]
[White "Reid, John"]
[Black "Raoof, Adam N"]
[Result "1-0"]
[WhiteElo "2035"]
[BlackElo "2149"]
[PlyCount "91"]
[EventDate "2011.??.??"]
[WhiteTeam "Hackney"]
[BlackTeam "British Universities CA"]

1. d4 d6 2. e4 g6 3. c4 Bg7 4. Nc3 e5 5. dxe5 Bxe5 6. Be2 Ne7 7. Bh6 Nbc6 8.
Nf3 Bf6 9. Nd5 Nxd5 10. cxd5 Ne5 11. Nxe5 Bxe5 12. Qd2 c5 13. dxc6 bxc6 14. O-O
Qb6 15. b3 Be6 16. Rac1 c5 17. Kh1 Qb4 18. Qc2 f5 19. f4 Bd4 20. Bf3 O-O-O 21.
Qe2 Kb8 22. Rfd1 Rhe8 23. Bg5 Rc8 24. Bh4 Bd7 25. Qd3 Qb6 26. b4 Bb5 27. Qb1
Bc6 28. bxc5 dxc5 29. Qc2 fxe4 30. Bg4 Qc7 31. Bxc8 Rxc8 32. Bf2 e3 33. Bxe3
Bxe3 34. Qb3+ Qb7 35. Qxe3 Bxg2+ 36. Kg1 Ka8 37. Rxc5 Rb8 38. Rdc1 Bh1 39. Qf2
Bd5 40. a3 Be4 41. Rc7 Qa6 42. Qd4 Bb7 43. Rxh7 Re8 44. Rh8 Qe6 45. Rxe8+ Qxe8
46. Rd1 1-0

[Event "4NCL"]
[Site "Barcelo Hotel, Hinckley Island"]
[Date "2011.01.15"]
[Round "3.45"]
[White "Sargent, John R"]
[Black "Walker, Nicholas P"]
[Result "0-1"]
[WhiteElo "1806"]
[BlackElo "2074"]
[PlyCount "44"]
[EventDate "2011.??.??"]
[WhiteTeam "British Universities CA"]
[BlackTeam "Hackney"]

1. e4 Nc6 2. d4 d5 3. exd5 Qxd5 4. Nf3 e5 5. Nc3 Bb4 6. Bd2 Bxc3 7. Bxc3 e4 8.
Nd2 Nf6 9. Bc4 Qg5 10. O-O Bh3 11. g3 Bxf1 12. Qxf1 O-O 13. Re1 Rae8 14. d5 Ne5
15. Bb5 c6 16. Bxe5 Rxe5 17. f4 exf3 18. Rxe5 Qxe5 19. dxc6 f2+ 20. Kxf2 bxc6
21. Bxc6 Ng4+ 22. Kg1 Qc5+ 0-1

[Event "4NCL"]
[Site "Barcelo Hotel, Hinckley Island"]
[Date "2011.01.15"]
[Round "3.45"]
[White "Holowczak, Alex R"]
[Black "Vives, Pepe"]
[Result "0-1"]
[WhiteElo "1746"]
[BlackElo "1930"]
[PlyCount "104"]
[EventDate "2011.??.??"]
[WhiteTeam "British Universities CA"]
[BlackTeam "Hackney"]

1. e4 e6 2. d4 d5 3. e5 c5 4. Nf3 cxd4 5. Nxd4 Nc6 6. c3 Nxe5 7. Bf4 Ng6 8. Bg3
a6 9. Nd2 Nf6 10. Bd3 Bd6 11. O-O O-O 12. N2f3 e5 13. Bxg6 hxg6 14. Nxe5 Ne4
15. Nd3 Nxg3 16. fxg3 b5 17. Qf3 Bb7 18. Nf4 Rb8 19. Kh1 b4 20. Rad1 bxc3 21.
Qxc3 Qb6 22. Nb3 Rbc8 23. Qd3 Be5 24. Qe2 Rfe8 25. Nxd5 Qb5 26. Qf3 f6 27. Qd3
Qxd3 28. Rxd3 Rc2 29. Rfd1 Rxb2 30. R3d2 Bxd5 31. Rxd5 Rxa2 32. Na5 Bc3 33. Nc6
Ree2 34. Rg1 Bd2 35. Nd4 Rf2 36. Ne6 f5 37. Rd7 Bc3 38. Rc7 Bf6 39. Rb1 Rxg2
40. Rb8+ Kh7 41. Rcc8 Rxh2+ 42. Kg1 Rag2+ 43. Kf1 g5 44. Rh8+ Kg6 45. Nf8+ Kf7
46. Rb7+ Be7 47. Nd7 Rf2+ 48. Kg1 Rxh8 49. Kxf2 Ke6 50. Nb8 a5 51. Nc6 Bc5+ 52.
Kf3 a4 0-1

[Event "4NCL"]
[Site "Barcelo Hotel, Hinckley Island"]
[Date "2011.01.15"]
[Round "3.45"]
[White "Burgoyne, Peter A"]
[Black "Pattni, Kishan"]
[Result "1-0"]
[WhiteElo "1842"]
[BlackElo "1654"]
[PlyCount "47"]
[EventDate "2011.??.??"]
[WhiteTeam "Hackney"]
[BlackTeam "British Universities CA"]

1. e4 c5 2. c3 Nc6 3. d4 cxd4 4. cxd4 d6 5. d5 Ne5 6. f4 Ng6 7. Nc3 e6 8. Nf3
exd5 9. Nxd5 Bd7 10. Bc4 b5 11. Bb3 h6 12. O-O Nf6 13. e5 dxe5 14. Nxe5 Nxe5
15. Nxf6+ Qxf6 16. fxe5 Qb6+ 17. Kh1 Be6 18. Qf3 Rd8 19. Be3 Qa6 20. Rac1 Bxb3
21. axb3 Qe6 22. Rc6 Qd7 23. e6 fxe6 24. Qh5+ 1-0

[Event "4NCL"]
[Site "Barcelo Hotel, Hinckley Island"]
[Date "2011.01.15"]
[Round "3.46"]
[White "Brockbank, Henry"]
[Black "Kitchen, Peter J"]
[Result "1/2-1/2"]
[WhiteElo "2105"]
[BlackElo "1866"]
[PlyCount "45"]
[EventDate "2011.??.??"]
[WhiteTeam "Halesowen"]
[BlackTeam "Celtic Tigers 2"]

1. c4 Nf6 2. Nc3 e6 3. e4 d5 4. cxd5 exd5 5. e5 d4 6. exf6 dxc3 7. Bb5+ c6 8.
Qe2+ Be6 9. Bc4 Qxf6 10. dxc3 Bd6 11. Bxe6 Qxe6 12. Qxe6+ fxe6 13. Nf3 O-O 14.
O-O Na6 15. Re1 Rfe8 16. Be3 Bc5 17. Rad1 Rad8 18. Bf4 Bb6 19. Rxd8 Bxd8 20.
Rd1 Bf6 21. Be3 c5 22. Rd7 Re7 23. Rxe7 1/2-1/2

[Event "4NCL"]
[Site "Barcelo Hotel, Hinckley Island"]
[Date "2011.01.15"]
[Round "3.46"]
[White "Pugh, Glyn D"]
[Black "Buttell, David"]
[Result "1/2-1/2"]
[WhiteElo "1994"]
[BlackElo "1761"]
[PlyCount "101"]
[EventDate "2011.??.??"]
[WhiteTeam "Halesowen"]
[BlackTeam "Celtic Tigers 2"]

1. e4 c5 2. Nc3 g6 3. f4 Bg7 4. Nf3 d6 5. g3 e6 6. Bg2 Ne7 7. d3 Nbc6 8. O-O
O-O 9. Be3 Rb8 10. Qd2 b6 11. Rfd1 e5 12. Nh4 Nd4 13. Rf1 b5 14. Nd1 b4 15. c3
Ndc6 16. f5 f6 17. fxg6 hxg6 18. a3 bxc3 19. bxc3 Na5 20. Qf2 Be6 21. d4 cxd4
22. cxd4 Bc4 23. Re1 Nb3 24. Rb1 Qa5 25. Nb2 Ba6 26. d5 Qxa3 27. Bxa7 Rb7 28.
Bh3 Bh6 29. Be3 Bxe3 30. Qxe3 Qc5 31. Na4 Qxe3+ 32. Rxe3 Rfb8 33. Bf1 Bxf1 34.
Rxf1 Kg7 35. Nc3 Nd4 36. Ne2 Nb3 37. Nf3 Nc8 38. Nc1 Nc5 39. Nd2 Nb6 40. Ref3
Nbd7 41. Rc3 Nb6 42. Re1 Nba4 43. Rc2 Nb6 44. Re3 Nc8 45. Nc4 Ra8 46. Nxd6 Nxd6
47. Rxc5 Ra4 48. Rc6 Nxe4 49. Rd3 Rd7 50. Nb3 Kf7 51. Rc1 1/2-1/2

[Event "4NCL"]
[Site "Barcelo Hotel, Hinckley Island"]
[Date "2011.01.15"]
[Round "3.46"]
[White "Asbury, Jon A"]
[Black "Kitchen, Michael J"]
[Result "1-0"]
[WhiteElo "1794"]
[BlackElo "1538"]
[PlyCount "103"]
[EventDate "2011.??.??"]
[WhiteTeam "Halesowen"]
[BlackTeam "Celtic Tigers 2"]

1. d4 Nf6 2. c4 d6 3. Nc3 Nbd7 4. e4 e5 5. d5 h6 6. h4 Be7 7. Be3 h5 8. f3 Nf8
9. Be2 Ng6 10. g3 Bd7 11. Qd2 c6 12. O-O-O c5 13. Kb1 a6 14. Nh3 Qa5 15. Nf2
Qb4 16. Nd3 Qa5 17. Nc1 b5 18. cxb5 Bxb5 19. Nxb5 axb5 20. Qxa5 Rxa5 21. Nb3
Ra7 22. Bxb5+ Nd7 23. Rc1 O-O 24. Bxd7 Rxd7 25. Na5 Ra8 26. Nc6 Bf8 27. Rc3 Rb7
28. Rd1 f6 29. Rdd3 Ne7 30. Nxe7+ Rxe7 31. Ra3 Rc8 32. Ra6 Rf7 33. Rda3 f5 34.
Ra7 fxe4 35. Rxf7 Kxf7 36. fxe4 Be7 37. Ra7 Kf8 38. Kc2 Rb8 39. Bd2 Ke8 40. a3
g6 41. b4 cxb4 42. axb4 Kd8 43. Kb3 Ke8 44. Be3 Rd8 45. Rxe7+ Kxe7 46. Bg5+ Kd7
47. Bxd8 Kxd8 48. Ka4 Kc7 49. Ka5 Kb7 50. Kb5 Kc7 51. Ka6 Kb8 52. Kb6 1-0

[Event "4NCL"]
[Site "Barcelo Hotel, Hinckley Island"]
[Date "2011.01.15"]
[Round "3.47"]
[White "Cooke, Charlie"]
[Black "Woodruff, David G"]
[Result "1-0"]
[WhiteElo "1754"]
[BlackElo "1609"]
[PlyCount "87"]
[EventDate "2011.??.??"]
[WhiteTeam "Metropolitan"]
[BlackTeam "Bristol 3"]

1. d4 Nf6 2. c4 g6 3. Nc3 Bg7 4. e4 d6 5. Bd3 O-O 6. Nge2 Nc6 7. O-O Ng4 8. f3
Nh6 9. Be3 f5 10. Qd2 fxe4 11. fxe4 Ng4 12. Rxf8+ Qxf8 13. Rf1 Qe8 14. Nd5 Qd7
15. Bg5 h6 16. Be3 Kh7 17. Rf7 Kg8 18. Rf3 Nxe3 19. Qxe3 e6 20. Nf6+ Bxf6 21.
Rxf6 Kg7 22. e5 Ne7 23. Bxg6 Nxg6 24. Qg3 Qe8 25. Nf4 Kh7 26. Nxg6 Bd7 27. Nf8+
Qxf8 28. Qg6+ Kh8 29. Rxf8+ Rxf8 30. Qxh6+ Kg8 31. Qg6+ Kh8 32. h4 dxe5 33.
dxe5 Rf5 34. g4 Rf3 35. h5 Rf8 36. h6 Rg8 37. Qf6+ Kh7 38. Qf7+ Kh8 39. Qxd7
Rxg4+ 40. Kf2 Rg6 41. Qxc7 Rxh6 42. Qxb7 a5 43. c5 Rh7 44. Qxh7+ 1-0

[Event "4NCL"]
[Site "Barcelo Hotel, Hinckley Island"]
[Date "2011.01.15"]
[Round "3.48"]
[White "Heard, Andrew H"]
[Black "Murphy, Conor"]
[Result "1/2-1/2"]
[WhiteElo "1946"]
[BlackElo "1905"]
[PlyCount "61"]
[EventDate "2011.??.??"]
[WhiteTeam "SCS"]
[BlackTeam "KJCA Knights"]

1. b4 e5 2. Bb2 Bxb4 3. Bxe5 Nf6 4. Nf3 Nc6 5. Bb2 O-O 6. e3 d5 7. Be2 Bf5 8.
O-O Re8 9. d3 Qe7 10. Nbd2 Rad8 11. a3 Bd6 12. c4 dxc4 13. Nxc4 Nd5 14. Re1 Bg4
15. Qb3 Nb6 16. Qc3 f6 17. Nxd6 Qxd6 18. d4 Be6 19. Bd3 Na4 20. Qc2 Nxb2 21.
Qxb2 Na5 22. Qc2 g6 23. Qa4 b6 24. Rab1 Re7 25. Rec1 Kg7 26. Qb4 Rf7 27. Rc3
Bg4 28. Nd2 Bc8 29. Rbc1 Bb7 30. Qxd6 cxd6 31. Kf1 1/2-1/2

[Event "4NCL"]
[Site "Barcelo Hotel, Hinckley Island"]
[Date "2011.01.15"]
[Round "3.48"]
[White "Kalid, Raphael"]
[Black "Clarke, Sean A"]
[Result "1/2-1/2"]
[WhiteElo "1826"]
[BlackElo "1826"]
[PlyCount "65"]
[EventDate "2011.??.??"]
[WhiteTeam "KJCA Knights"]
[BlackTeam "SCS"]

1. e4 e6 2. d4 d5 3. e5 c5 4. Nf3 Nc6 5. Bd3 Qb6 6. O-O Bd7 7. dxc5 Bxc5 8. c3
a5 9. Qe2 Nge7 10. Bf4 Ng6 11. Bg3 Na7 12. Qc2 Bb5 13. Bxb5+ Nxb5 14. a4 Na7
15. Nbd2 Rc8 16. Qd1 O-O 17. h4 Ne7 18. Bf4 Ng6 19. Bg3 Ne7 20. Bh2 f5 21. exf6
Rxf6 22. Be5 Rh6 23. Bf4 Rf6 24. Bg5 Rf7 25. Bxe7 Bxe7 26. Ra2 Nc6 27. Qe2 Nd8
28. Ne5 Rf4 29. g3 Rxa4 30. h5 Nf7 31. Nxf7 Kxf7 32. Re1 Bc5 33. Nf3 1/2-1/2

[Event "4NCL"]
[Site "Barcelo Hotel, Hinckley Island"]
[Date "2011.01.15"]
[Round "3.48"]
[White "Lutton, J Arnold"]
[Black "Davis, Alexei"]
[Result "1-0"]
[WhiteElo "1826"]
[BlackElo "1770"]
[PlyCount "79"]
[EventDate "2011.??.??"]
[WhiteTeam "SCS"]
[BlackTeam "KJCA Knights"]

1. e4 e6 2. d4 d5 3. e5 c5 4. Nf3 Nc6 5. Bd3 Qb6 6. O-O cxd4 7. Bf4 Bc5 8. Nbd2
Nge7 9. Nb3 Bd7 10. Re1 Rc8 11. a3 a5 12. Nxc5 Qxc5 13. Ng5 Ng6 14. Bg3 b5 15.
Qf3 Qe7 16. Qh5 Nf8 17. Bh4 Ng6 18. Bxg6 fxg6 19. Qg4 Qf8 20. Nxe6 Qf7 21.
Nxg7+ Qxg7 22. e6 O-O 23. exd7 Rc7 24. Qe6+ Qf7 25. Bg3 Qxe6 26. Rxe6 Nd8 27.
Rxg6+ hxg6 28. Bxc7 Ne6 29. Bxa5 Kf7 30. Re1 Nd8 31. Kf1 Nc6 32. Bc7 Nd8 33.
Re8 Rxe8 34. dxe8=Q+ Kxe8 35. Bxd8 Kxd8 36. h4 Ke7 37. g4 Kf6 38. f4 Ke6 39.
Ke2 Kf6 40. Kd3 1-0

[Event "4NCL"]
[Site "Barcelo Hotel, Hinckley Island"]
[Date "2011.01.15"]
[Round "3.48"]
[White "Reddiar, Gautham"]
[Black "Hardy-Wallace, Daniel AR"]
[Result "1/2-1/2"]
[WhiteElo "1730"]
[BlackElo "1794"]
[PlyCount "80"]
[EventDate "2011.??.??"]
[WhiteTeam "KJCA Knights"]
[BlackTeam "SCS"]

1. e4 e5 2. Nf3 Nc6 3. Bc4 Bc5 4. c3 d6 5. d4 exd4 6. cxd4 Bb4+ 7. Bd2 Bxd2+ 8.
Qxd2 Nh6 9. Qc3 O-O 10. O-O Bg4 11. Nbd2 Bh5 12. Rac1 Ne7 13. Rfe1 c6 14. Bb3
Qd7 15. Nf1 Rae8 16. Ng3 Bg6 17. Nh4 Kh8 18. Nxg6+ Nxg6 19. Bc2 Nf4 20. Qf3 Qg4
21. Qxg4 Nxg4 22. f3 Nh6 23. Ne2 Nxe2+ 24. Rxe2 f5 25. Rce1 f4 26. Bb3 Re7 27.
d5 Rfe8 28. Ba4 b5 29. Bb3 c5 30. Kf1 Nf7 31. Bc2 Ne5 32. b3 Rc8 33. Bb1 c4 34.
Rc1 Rec7 35. bxc4 Rxc4 36. Rec2 Rxc2 37. Rxc2 Rxc2 38. Bxc2 g5 39. Kf2 Kg7 40.
g3 Kf6 1/2-1/2

[Event "4NCL"]
[Site "Barcelo Hotel, Hinckley Island"]
[Date "2011.01.15"]
[Round "3.48"]
[White "Ballard, Edward"]
[Black "Paul, Barnaby J"]
[Result "0-1"]
[WhiteElo "1346"]
[BlackElo "1618"]
[PlyCount "92"]
[EventDate "2011.??.??"]
[WhiteTeam "SCS"]
[BlackTeam "KJCA Knights"]

1. e4 e5 2. Nf3 Nc6 3. Nc3 Nf6 4. a3 Bc5 5. h3 d6 6. Bb5 Bd7 7. d3 Nd4 8. Nxd4
Bxd4 9. Bxd7+ Qxd7 10. Ne2 Bb6 11. Bd2 O-O-O 12. Bg5 Qe6 13. Ng3 h6 14. Bxf6
Qxf6 15. Qe2 Qf4 16. Qg4+ Qxg4 17. hxg4 Rde8 18. f3 c6 19. Nf5 Kd7 20. Nxg7
Reg8 21. Nf5 f6 22. O-O-O d5 23. Nxh6 Be3+ 24. Kb1 Rxh6 25. Rxh6 Bxh6 26. Rh1
Rh8 27. g3 Bg7 28. Rg1 Rh3 29. f4 Bh6 30. f5 Be3 31. Rg2 dxe4 32. dxe4 Rh7 33.
Re2 Bd4 34. c3 Bb6 35. Rd2+ Kc7 36. g5 Be3 37. Re2 Bxg5 38. g4 Rh1+ 39. Ka2 Rg1
40. b4 Rxg4 41. Kb3 Rg3 42. Kc2 Re3 43. Rxe3 Bxe3 44. Kd3 Bg5 45. Kc4 b5+ 46.
Kc5 Be3# 0-1

[Event "4NCL"]
[Site "De Vere, Sunningdale, ENG"]
[Date "2011.02.19"]
[Round "5.31"]
[White "Crouch, Colin S"]
[Black "Pedersen, Carsten"]
[Result "1-0"]
[WhiteElo "2343"]
[BlackElo "2163"]
[PlyCount "109"]
[EventDate "2011.??.??"]
[WhiteTeam "Braille Chess Assoc"]
[BlackTeam "Celtic Tigers 1"]

1. d4 Nf6 2. Nf3 e6 3. c4 Nc6 4. e3 Bb4+ 5. Nbd2 d6 6. Be2 O-O 7. O-O Bxd2 8.
Bxd2 a5 9. Qc2 e5 10. Bc3 Re8 11. d5 Nb8 12. e4 Bg4 13. Ne1 Nbd7 14. f3 Bh5 15.
Nd3 c6 16. Kh1 Bg6 17. Rfd1 c5 18. a3 a4 19. b3 axb3 20. Qxb3 Ra7 21. Be1 Qc7
22. Rdb1 h6 23. Nb2 Rea8 24. Nd1 Ne8 25. Nc3 Qd8 26. Bd3 Nc7 27. a4 b6 28. Bc2
f6 29. Ra3 Be8 30. Qb2 Rb8 31. Rb3 Rba8 32. Qc1 Ra6 33. R3b2 Qe7 34. Bd1 g5 35.
g3 Bg6 36. h4 Rf8 37. Rh2 Rf7 38. Rbb2 Ra8 39. Qe3 Re8 40. a5 Rb8 41. h5 Bh7
42. g4 Rff8 43. axb6 Nxb6 44. Qd3 Nd7 45. Qb1 Na6 46. Nb5 Nb6 47. Na3 Nd7 48.
Ba4 Rfc8 49. Bc6 Nb4 50. Bxb4 cxb4 51. Rxb4 Rxb4 52. Qxb4 Nc5 53. Nb5 Qd8 54.
Ra2 Rb8 55. Qa5 1-0

[Event "4NCL"]
[Site "De Vere, Sunningdale, ENG"]
[Date "2011.02.19"]
[Round "5.31"]
[White "Kemp, Peter D"]
[Black "Ross, Chris N"]
[Result "1/2-1/2"]
[WhiteElo "2158"]
[BlackElo "2223"]
[PlyCount "63"]
[EventDate "2011.??.??"]
[WhiteTeam "Celtic Tigers 1"]
[BlackTeam "Braille Chess Assoc"]

1. d4 g6 2. Nf3 Bg7 3. g3 Nf6 4. c4 d6 5. Bg2 O-O 6. Nc3 Nc6 7. O-O a6 8. b3
Rb8 9. Nd5 Bg4 10. Bb2 e5 11. Nxf6+ Bxf6 12. d5 Ne7 13. Ne1 Bg7 14. Rc1 b6 15.
Nd3 Qc8 16. Qd2 Bh3 17. f4 Bxg2 18. Kxg2 e4 19. Bxg7 Kxg7 20. Nf2 f5 21. Qd4+
Kg8 22. Rfd1 a5 23. h4 Qe8 24. Rd2 Qf7 25. Nd1 Qf6 26. Nc3 Qxd4 27. Rxd4 Kf7
28. Nb5 Rfc8 29. Rdd1 h5 30. Na7 Re8 31. Nb5 Rec8 32. Na7 1/2-1/2

[Event "4NCL"]
[Site "De Vere, Sunningdale, ENG"]
[Date "2011.02.19"]
[Round "5.31"]
[White "Cole, Tristram C"]
[Black "Quinn, John M"]
[Result "0-1"]
[WhiteElo "1882"]
[BlackElo "2143"]
[PlyCount "70"]
[EventDate "2011.??.??"]
[WhiteTeam "Braille Chess Assoc"]
[BlackTeam "Celtic Tigers 1"]

1. e4 c5 2. Nf3 e6 3. d4 cxd4 4. Nxd4 Nc6 5. Nb5 d6 6. Bf4 e5 7. Be3 a6 8. N5a3
Nf6 9. Bd3 d5 10. exd5 Nxd5 11. Qf3 Nxe3 12. Qxe3 Be6 13. c3 Be7 14. Nc4 Qc7
15. a4 O-O 16. O-O Rad8 17. Nba3 f5 18. Rad1 e4 19. b4 Bd5 20. Bb1 f4 21. Qb6
Qc8 22. Nd2 f3 23. Nxe4 Qg4 24. Ng3 fxg2 25. Rfe1 Ne5 26. Rd3 Nxd3 27. Bxd3 Bf6
28. Nf5 Bc6 29. Bc4+ Kh8 30. Ne3 Qf4 31. Nd1 Bxc3 32. Nxc3 Qd2 33. Qe3 Qb2 34.
Ncb1 Rfe8 35. Qd2 Qxd2 0-1

[Event "4NCL"]
[Site "De Vere, Sunningdale, ENG"]
[Date "2011.02.19"]
[Round "5.32"]
[White "Dickinson, Tim R"]
[Black "Girdlestone, Paul C"]
[Result "1/2-1/2"]
[WhiteElo "2155"]
[BlackElo "2182"]
[PlyCount "36"]
[EventDate "2011.??.??"]
[WhiteTeam "Oxford 2"]
[BlackTeam "Brown Jack"]

1. e4 e5 2. Nf3 Nc6 3. Bb5 g6 4. O-O Bg7 5. c3 d6 6. d4 Bd7 7. d5 Nce7 8. Bxd7+
Qxd7 9. c4 Nf6 10. Nc3 Nh5 11. Be3 O-O 12. Rc1 a6 13. c5 dxc5 14. Bxc5 Rad8 15.
Qa4 Rfe8 16. Qxd7 Rxd7 17. g3 Bh6 18. Rc2 Nc8 1/2-1/2

[Event "4NCL"]
[Site "De Vere, Sunningdale, ENG"]
[Date "2011.02.19"]
[Round "5.32"]
[White "Richmond, Peter A"]
[Black "Morris, Graham P"]
[Result "1/2-1/2"]
[WhiteElo "2252"]
[BlackElo "2034"]
[PlyCount "131"]
[EventDate "2011.??.??"]
[WhiteTeam "Brown Jack"]
[BlackTeam "Oxford 2"]

1. e4 c5 2. Nf3 d6 3. d4 cxd4 4. Nxd4 Nf6 5. Nc3 e6 6. g4 a6 7. g5 Nfd7 8. h4
Nc6 9. Be3 Qc7 10. h5 Nde5 11. Be2 b5 12. O-O Bb7 13. f4 Nxd4 14. Qxd4 Nc4 15.
Bf2 Rc8 16. Rfe1 e5 17. Qd3 Nxb2 18. Nxb5 Nxd3 19. Nxc7+ Rxc7 20. Bxd3 Be7 21.
Bg3 f6 22. Rab1 O-O 23. g6 Ra8 24. Rb2 hxg6 25. hxg6 Bc6 26. Reb1 exf4 27. Bxf4
Be8 28. Rb8 Rc8 29. Rxc8 Rxc8 30. Bxa6 Ra8 31. Bb7 Rd8 32. Bd5+ Kf8 33. Kf2
Bxg6 34. Rh1 Ke8 35. Rg1 Bf7 36. Rxg7 Bxd5 37. exd5 Kd7 38. Ke3 Ra8 39. c4 Ra3+
40. Ke4 Ke8 41. Rg2 Kf7 42. Bh6 Ra4 43. Kd4 f5 44. Kc3 Bf6+ 45. Kb3 Ra8 46. Bd2
Rb8+ 47. Bb4 Bd4 48. a3 f4 49. Kc2 f3 50. Rg3 f2 51. Rf3+ Ke7 52. Kd2 Re8 53.
Kd3 Bb6 54. Bc3 Ra8 55. Bf6+ Kd7 56. Bb2 Ke7 57. Bc1 Bc5 58. Ke2 Ra4 59. Be3
Rxc4 60. Kxf2 Rc2+ 61. Kg3 Kd7 62. Bxc5 dxc5 63. Kf4 Kd6 64. Ke4 Rc4+ 65. Kd3
Ra4 66. Kc3 1/2-1/2